Až budu velkej kluk /

Hlavní autor: Frith, Alex
Další autoři: Brooks, Felicity, Sutton, Kate, Brouk, Kateřina, 1977-
Jazyk: Čeština
Vydáno: Praha : Svojtka & Co., 2016
Vydání: První české vydání
Témata:
Fyzický popis: 287 stran : ilustrace ; 20 cm
Knihy
Uloženo v:
LEADER 02326cam a2200661 i 4500
001 nkc20172876314
003 CZ PrNK
005 20170404142019.0
007 ta
008 170110s2016 xr a c f 001 0 cze d
015 |a cnb002876314 
020 |a 978-80-256-1913-1  |q (brožováno) 
035 |a (OCoLC)982100820 
040 |a KMG001  |b cze  |d BOA001  |d ABA001  |e rda 
041 1 |a cze  |h eng 
072 7 |a 613  |x Hygiena. Lidské zdraví  |2 Konspekt  |9 14 
072 7 |a 0/9-053.2  |x Literatura pro děti a mládež (naučná)  |2 Konspekt  |9 26 
080 |a 316.346.2-055.15-053.6  |2 MRF 
080 |a 159.922.8  |2 MRF 
080 |a 612.661  |2 MRF 
080 |a 316.472.42  |2 MRF 
080 |a 613.88:37.016  |2 MRF 
080 |a (035)  |2 MRF 
080 |a (0.053.6)  |2 MRF 
100 1 |a Frith, Alex  |7 xx0066780  |4 aut 
240 1 0 |a Growing up for boys.  |l Česky 
245 1 0 |a Až budu velkej kluk /  |c Alex Frith a Felicity Brooks ; ilustrace Kate Sutton 
250 |a První české vydání 
264 1 |a Praha :  |b Svojtka & Co.,  |c 2016 
300 |a 287 stran :  |b ilustrace ;  |c 20 cm 
336 |a text  |b txt  |2 rdacontent 
337 |a bez média  |b n  |2 rdamedia 
338 |a svazek  |b nc  |2 rdacarrier 
500 |a Z angličtiny přeložila Kateřina Brouk 
504 |a Obsahuje bibliografické odkazy a rejstřík 
650 0 7 |a dospívající chlapci  |7 ph134763  |2 czenas 
650 0 7 |a dospívání  |7 ph117183  |2 czenas 
650 0 7 |a puberta  |7 ph135004  |2 czenas 
650 0 7 |a partnerské vztahy  |7 ph115684  |2 czenas 
650 0 7 |a sexuální výchova  |7 ph117263  |2 czenas 
650 0 9 |a adolescent boys  |2 eczenas 
650 0 9 |a maturation  |2 eczenas 
650 0 9 |a puberty  |2 eczenas 
650 0 9 |a partner relationships  |2 eczenas 
650 0 9 |a sex education  |2 eczenas 
655 7 |a příručky  |7 fd133209  |2 czenas 
655 7 |a publikace pro mládež  |7 fd133157  |2 czenas 
655 9 |a handbooks and manuals  |2 eczenas 
655 9 |a juvenile literature  |2 eczenas 
700 1 |a Brooks, Felicity  |7 xx0017154  |4 aut 
700 1 |a Sutton, Kate  |7 xx0210204  |4 ill 
700 1 |a Brouk, Kateřina,  |d 1977-  |7 mzk2006363618  |4 trl 
910 2 |a BOA001  |b 1-1386.261 
920 |a 0682769  |z CBA001 
990 |a BK 
995 |a 01 
991 |b 201703  |c NOV 
996 6 |b 2610700857  |c 1-1386.261  |l MZK  |r Sklad / do 1 hodiny  |n 0  |p p.v.  |w 001603365  |u 000010  |a 1  |e BOA001  |j MZK50  |s P